[Event "CZE-ch Open 2018"]
[Site "Ostrava"]
[Date "2018.04.30"]
[Round "3"]
[White "Toman, Jaroslav"]
[Black "Kopriva, Martin"]
[Result "0-1"]
[WhiteElo "2233"]
[BlackElo "2071"]
[Annotator "TA"]
[PlyCount "74"]
[EventDate "2018.??.??"]
[EventCountry "CZE"]
[SourceTitle "playchess.com"]
[Source "ChessBase"]
[SourceQuality "1"]

{[%evp 13,74,41,45,26,79,57,93,91,91,94,93,61,54,58,74,54,58,59,66,66,83,66,53,61,61,18,37,31,99,25,32,22,40,0,50,56,59,57,37,40,95,51,16,8,182,-111,0,0,54,49,72,0,0,-125,-113,-502,-487,-29994,-29995,-29997,-29998,-29999,29992]} 1. d4 g6 2. c4 Bg7 3. e4 d6 4. Nc3 Nf6 5. f3 O-O 6. Be3 c6 7. Qd2 e5 {LiveBook: 45 Games} 8. O-O-O {And now dxe5 would win. E81: King's Indian: Sämisch: 6th move deviations (including 6 Be3 c6)} (8. Nge2 Nbd7 9. O-O-O a6 10. Kb1 b5 11. c5 exd4 12. Nxd4 dxc5 13. Nxc6 Qb6 14. Ne7+ Kh8 15. Qd6 Qxd6 16. Rxd6 Bb7 17. Nc6 Ne8 18. Rxd7 Bxc6 19. Rd2 {1-0 (43) Bulski,K (2522)-Pechac,J (2431) Slovakia 2016}) 8... Qe7 (8... exd4 $11 {remains equal.} 9. Bxd4 Nbd7) 9. Kb1 $146 ({Predecessor:} 9. Nge2 Nbd7 10. Bh6 Nb6 11. Bxg7 Kxg7 12. Ng3 h5 13. Qg5 Kh7 14. d5 Nfxd5 15. Qxe7 Nxe7 16. b3 Be6 17. Rxd6 a5 {1-0 (69) Nita,L (2265)-Hamdouchi,A (2270) Bucharest 2002}) 9... Na6 10. g4 {White is better.} Nc7 11. d5 cxd5 12. cxd5 Bd7 13. h4 b5 14. Rc1 Rfc8 15. h5 b4 16. Nd1 a5 $1 17. hxg6 fxg6 18. Nh3 {[%cal Bg1h3,Bh3g5,Bg5e6][%mdl 32]} Nb5 19. Bc4 Rab8 20. Ng5 Bh8 ({Black should play} 20... Nc3+ $1 $14 21. Nxc3 Rxc4) 21. Bxb5 (21. Ka1 $16) 21... Rxc1+ $11 22. Qxc1 Bxb5 23. Ne6 Bd3+ (23... Be2 $5 {[%cal Re2f3]} 24. Rh3 Qd7 $14) 24. Ka1 a4 25. Nf2 Be2 26. Rh3 a3 (26... Qd7 $14) 27. Qc2 (27. bxa3 bxa3 28. Qc6 (28. Qxa3 $2 Nxd5 29. exd5 Qxe6 $19) 28... Bb5 $11) 27... axb2+ 28. Kxb2 Bf1 $2 (28... b3 $1 $11 {and Black stays safe.} 29. axb3 (29. Qxe2 $2 bxa2+ 30. Ka1 Qb7 $19) 29... Qb7) 29. Rg3 $2 (29. Rh1 $1 $18 {[%cal Rh1f1]} Bb5 30. g5) 29... b3 (29... Qb7 $17 {White must now prevent ...Rc8.} 30. g5 Rc8) 30. axb3 {Strongly threatening Rg1.} Nxd5 (30... Qb7 $1 $11) 31. exd5 $14 {Hoping for g5.} e4+ $1 32. Kc1 (32. Kb1 $1 $16 Qb7 33. Nd4 (33. Nxe4 $2 Qxd5 34. Nf4 Qxb3+ 35. Qxb3+ Rxb3+ 36. Kc1 Rxe3 $19) (33. fxe4 Rc8 $11) 33... exf3 34. Qc6 (34. Rxf3 Bg2 $17)) 32... Qb7 $11 33. Kd1 {[#]} (33. Nxe4 Rc8) (33. Nd4 $11 exf3 34. Qe4 (34. Rxf3 Bg2 $11)) 33... Rc8 $1 $17 34. Qxe4 $2 {[%mdl 8192] [#]} (34. Nc5 $17 {nothing else works.} Qxd5+ 35. Qd2 (35. Ke1 Bb5 $17) 35... Qxd2+ 36. Kxd2 dxc5 37. Nxe4) 34... Qa6 $1 $19 {[%csl Gf1][%cal Ra6e2]} 35. Bd4 (35. Nd3 $19 Bxd3 36. Qa4) 35... Bxd4 {Black mates.} 36. Nxd4 Qa1+ 37. Kd2 Qe1+ $4 {[%mdl 40960] Precision: White = 41%, Black = 40%. . Loss on Time!?} (37... Qc1#) 0-1

[Event "CZE-ch Open 2018"]
[Site "Ostrava"]
[Date "2018.04.30"]
[Round "3"]
[White "Skalsky, Alexandr"]
[Black "Kana, Pavel"]
[Result "1/2-1/2"]
[WhiteElo "2207"]
[BlackElo "2024"]
[Annotator "TA"]
[PlyCount "99"]
[EventDate "2018.??.??"]
[EventCountry "CZE"]
[SourceTitle "playchess.com"]
[Source "ChessBase"]
[SourceQuality "1"]

{[%evp 19,99,57,64,48,54,62,62,43,48,43,73,49,45,44,40,35,45,44,65,35,105,89,72,48,105,103,109,109,108,94,102,0,143,96,120,119,153,154,162,122,166,167,170,152,133,127,143,60,58,40,45,47,43,49,38,44,39,0,0,0,6,0,0,0,0,0,0,0,0,-88,0,-10,0,-55,-37,-87,-51,-409,0,0,0,-316]} 1. e4 c5 2. Nf3 e6 3. d4 cxd4 4. Nxd4 a6 5. c4 Nf6 6. Nc3 d6 7. Be2 Be7 8. Be3 O-O 9. O-O Qc7 10. Qd2 Nc6 {LiveBook: 8 Games} 11. Rfc1 {B54: Sicilian: 2...d6 3 d4 cxd4 4 Nxd4, Unusual Lines} (11. Rac1 Ne5 12. h3 b6 13. f4 Ned7 14. b4 Bb7 15. Bd3 Rfe8 16. Qf2 Rac8 17. Nf3 Bd8 18. Qg3 Qb8 19. e5 Nh5 20. Qg4 g6 21. Ng5 {½-½ (21) Sousa,A (2386)-Dias,I (2186) Vila Nova de Gaia 2017}) 11... Nxd4 12. Bxd4 Bd7 $146 ({Predecessor:} 12... b6 13. b4 Bb7 14. f3 Nd7 15. Rab1 Rac8 16. Bf1 Bf6 17. Ne2 Rfd8 18. Be3 Qb8 {0-1 (42) Sevostianov,P (2268)-Buksa,N (2160) Lvov 2015}) 13. b4 {White is slightly better.} b6 14. f3 Qb7 15. Rab1 b5 16. a4 bxc4 17. Bxc4 Rfc8 18. Bf1 Be8 19. b5 a5 (19... axb5 $14 20. Bxb5 Bxb5) 20. Nd1 d5 21. Rxc8 Qxc8 (21... Rxc8 $14 22. exd5 (22. Qxa5 dxe4 23. Qa7 Qxa7 $14) 22... Nxd5) 22. Rc1 $16 Qb7 {[#]} 23. e5 $1 $36 {[%cal Re5f6][%mdl 2048] Black is under strong pressure.} Nd7 24. Nf2 Nb6 25. Ng4 ({White should try} 25. Qd1 $16) 25... Kh8 (25... Nxa4 $11 26. b6 Nxb6 27. Nf6+ Kh8 28. Nxe8 Rxe8) 26. Qd1 Ba3 27. Rc2 Rc8 28. Rxc8 Nxc8 29. Qc2 Ne7 30. Bd3 h6 31. Bc5 Bxc5+ 32. Qxc5 {[#] Black must now prevent Nf6!} Kg8 33. Ne3 (33. Kf1 $16) 33... Nc8 $14 34. Kf2 Nb6 35. Bc2 Nd7 36. Qd4 Qb6 37. Qxb6 Nxb6 {[%mdl 4096] Endgame KBN-KBN} 38. Nf1 f6 $1 39. exf6 gxf6 40. Nd2 Kf8 41. f4 Ke7 42. g4 Kd6 43. h4 e5 $1 44. Nf3 (44. fxe5+ $11 fxe5 45. Ke3) 44... e4 (44... exf4 $17 {Strongly threatening ...Bd7.} 45. Ne1 d4) 45. Nd4 Bd7 46. Bd1 (46. g5 $11 fxg5 47. fxg5 hxg5 48. hxg5) 46... Kc5 $1 $15 {[%cal Rc5d4]} 47. Nb3+ $1 Kb4 {And now ...Bxg4! would win.} 48. Nd4 $2 {[%mdl 8192]} (48. g5 $15 hxg5 49. fxg5 fxg5 50. h5) 48... Kc5 49. Nb3+ $1 Kb4 50. Nd4 $1 {[%mdl 32768] Precision: White = 42%, Black = 58%. . An unexpected result.} 1/2-1/2

[Event "CZE-ch Open 2018"]
[Site "Ostrava"]
[Date "2018.04.30"]
[Round "3"]
[White "Bartos, Jan"]
[Black "Jasny, Stanislav"]
[Result "0-1"]
[WhiteElo "2198"]
[BlackElo "2379"]
[Annotator "TA"]
[PlyCount "78"]
[EventDate "2018.??.??"]
[EventCountry "CZE"]
[SourceTitle "playchess.com"]
[Source "ChessBase"]
[SourceQuality "1"]

{[%evp 10,78,22,10,27,16,50,42,47,8,0,-10,-7,-53,-10,-12,-8,-6,-6,-20,-30,-18,-25,-8,-1,-22,10,-13,0,0,0,0,0,-25,-18,-13,22,0,0,-20,24,0,-7,-48,-35,-47,6,16,39,0,0,-26,12,-96,-111,-216,-214,-220,-223,-223,-212,-226,-180,-192,-190,-200,-205,-431,-422,-396,-394]} 1. d4 Nf6 2. Nf3 e6 3. Bf4 b6 4. e3 {[%cal Be2e3,Be3e4][%mdl 32]} Bb7 5. Bd3 d6 6. Nbd2 Nbd7 {A47: 1 d4 Nf6 2 Nf3 b6: Torre, London and Colle Systems} 7. O-O Qe7 {White should prevent ...e5.} 8. e4 e5 {White is slightly better.} 9. dxe5 dxe5 10. Bg5 h6 11. Bh4 g6 $146 {[%cal Bg7g6,Bg6g5][%mdl 32]} ({Predecessor:} 11... g5 12. Bg3 h5 13. Nc4 h4 14. Bxe5 Nxe5 15. Ncxe5 {0-1 (34) Sipic,H (2212)-Saric,A (2502) Stari Mikanovci 2009}) 12. Qe2 a6 13. a4 Bg7 14. c3 O-O 15. b4 g5 16. Bg3 Nh5 17. Bc2 Rfe8 18. Rfe1 Nf8 19. Nf1 Nf4 20. Qc4 Qe6 21. Qxe6 N8xe6 22. Ne3 f6 23. Rad1 Red8 24. Bb3 {[#] Hoping for Bxf4.} Kh7 25. Bxf4 Nxf4 26. Nd5 Nxd5 27. Bxd5 c6 (27... Bxd5 $15 28. exd5 Kg6) 28. Be6 $11 Bf8 29. g4 Kg7 30. Bf5 c5 31. bxc5 (31. b5 $11 {keeps the balance.}) 31... Bxc5 $17 32. Kf1 (32. Be6 $17) 32... Bc6 $19 33. Rd2 Rxd2 34. Nxd2 Bxa4 35. Ra1 Bc2 36. Ke1 a5 {[%cal Ba6a5,Ba5a4][%mdl 32]} 37. Ra2 Bd3 38. Nb3 $2 {[#]} (38. Be6) 38... Bc4 39. Rb2 a4 {Precision: White = 32%, Black = 46%.} 0-1

[Event "CZE-ch Open 2018"]
[Site "Ostrava"]
[Date "2018.04.30"]
[Round "3"]
[White "Vystrcil, Martin"]
[Black "Mrazek, Lumir"]
[Result "0-1"]
[WhiteElo "2146"]
[BlackElo "2327"]
[Annotator "TA"]
[PlyCount "72"]
[EventDate "2018.??.??"]
[EventCountry "CZE"]
[SourceTitle "playchess.com"]
[Source "ChessBase"]
[SourceQuality "1"]

{[%evp 19,72,0,0,6,26,13,0,-18,-10,-30,-25,-17,-17,-37,-29,-27,-28,-32,-21,-36,0,0,46,79,95,110,88,71,168,76,71,63,76,50,74,-17,-34,-309,-269,-354,-311,-364,-368,-381,-374,-413,-379,-449,-447,-402,-118,-2101,-2046,-29998,-29999]} 1. e4 c5 2. Nf3 d6 3. d4 cxd4 4. Nxd4 Nf6 5. Nc3 a6 6. Bg5 Nbd7 7. f4 Qc7 8. Qf3 {B94: Sicilian Najdorf: 6 Bg5 Nbd7} (8. Be2 e6 9. O-O Be7 10. Kh1 b5 11. Bf3 Bb7 12. Bxf6 Nxf6 13. e5 dxe5 14. fxe5 Nd7 15. Bxb7 Qxb7 {½-½ (65) Azarov,S (2582)-Fedoseev,V (2690) Minsk 2017}) 8... h6 9. Bh4 g5 10. fxg5 hxg5 {LiveBook: 58 Games} 11. Bxg5 Qc5 $1 {[%cal Rc5g5]} 12. Nf5 e6 $1 {[%cal Re6f5]} 13. Bxf6 Nxf6 14. Nxd6+ Bxd6 15. Qxf6 Bg3+ 16. Kd2 $146 Be5 {[%mdl 1024] Black has compensation.} 17. Qf3 b5 {[%cal Bb7b5,Bb5b4][%mdl 32]} 18. Re1 b4 19. Nd1 $1 Bd7 ({Don't play} 19... b3 $6 20. axb3 Ra7 21. Bd3 $16) 20. Kc1 Ba4 {[%csl Ga4][%cal Rc5c2] [#]} 21. Bd3 b3 22. axb3 Bxb3 23. Rhf1 f6 (23... Ra7 $16 {keeps fighting.}) 24. Kb1 (24. Nc3 $1 $18 {and White stays clearly on top.}) 24... Ba4 $16 25. Qg4 Ke7 26. Qg7+ Kd6 27. Re2 (27. Rxf6 $16 {Black must now prevent Ne3.} Rab8 28. Ref1) 27... f5 $11 28. Qf7 $2 {[%mdl 8192]} ({White has to play} 28. Qg5 $1 $15 f4 29. Qg4) 28... Ra7 $19 29. Qg6 Rg7 30. Qxg7 Bxg7 31. exf5 exf5 32. Ne3 Kc7 33. Nxf5 Be5 34. Re4 Rb8 $2 (34... Bb5 $19 35. Rd1 Rd8) 35. b3 $2 {[%mdl 8192] [#]} (35. Rxa4 $17 Rxb2+ 36. Kc1) 35... Bxb3 $1 {[%mdl 512] ( -> ...Qa3)} 36. cxb3 Rxb3+ {Precision: White = 38%, Black = 57%.} 0-1

[Event "CZE-ch Open 2018"]
[Site "Ostrava"]
[Date "2018.04.30"]
[Round "3"]
[White "Riha, Vojtech"]
[Black "Obsivac, Josef"]
[Result "1-0"]
[WhiteElo "2141"]
[BlackElo "2330"]
[Annotator "TA"]
[PlyCount "81"]
[EventDate "2018.??.??"]
[EventCountry "CZE"]
[SourceTitle "playchess.com"]
[Source "ChessBase"]
[SourceQuality "1"]

{[%evp 24,81,18,27,33,0,0,0,0,-261,33,34,68,60,58,28,91,97,97,102,252,240,283,282,282,280,591,582,522,449,430,425,640,527,570,550,597,621,594,570,580,562,545,495,496,494,493,487,519,516,595,583,710,708,668,575,797,757,29976,29977]} 1. e4 e6 2. d4 d5 3. Nd2 c5 4. exd5 Qxd5 5. Ngf3 cxd4 6. Bc4 Qd8 7. O-O Nc6 8. Nb3 a6 {C07: French Tarrasch: 3...c5, 4 Ngf3 and 4 exd5 Qxd5} 9. Nbxd4 Nxd4 10. Nxd4 Qc7 11. Bb3 (11. Bd3 Nf6 12. Re1 Bd6 13. h3 O-O 14. Bg5 Be5 15. c3 h6 16. Nf3 Bxc3 {1-0 (51) Mamedov,R (2709)-Le,Q (2737) Huaian 2017}) 11... Bd6 12. Re1 Ne7 13. Qh5 {LiveBook: 4 Games} Qc5 $146 ({Predecessor:} 13... O-O 14. c3 {1-0 (27) Mista,A (2589)-Jarmula,L (2498) Zgierz 2018}) 14. Qg4 O-O $1 15. Be3 {[%cal Rd4e6]} Qc7 {Strongly threatening ...e5.} 16. Rad1 $2 {[%mdl 8192] [#]} (16. Qh5 $11 {and White is okay.}) 16... Kh8 $2 (16... Bxh2+ 17. Kh1 $11) (16... e5 $1 $19 17. Qh5 exd4 18. Bxd4 Bd7) 17. Nf3 $14 e5 18. Qc4 $40 {[%mdl 128] Hoping for Qxc7. White attacks.} f6 $1 19. Nh4 {aiming for Rxd6.} g5 (19... b6 $11 {remains equal.}) 20. Qxc7 $16 Bxc7 21. Bc5 Re8 (21... Kg7 $16 {is a better defense.}) 22. Bf7 $18 Bg4 23. f3 {[%cal Bf2f3,Bf3g4][%mdl 32]} ({Don't play} 23. Bxe8 $6 Rxe8 24. Nf3 Nc6 $16) 23... Rf8 24. Bb3 ({But not} 24. fxg4 Rxf7 25. Rd7 Bb6 $18) ({Not} 24. Bxe7 Rxf7 25. fxg4 Bb6+ 26. Kf1 gxh4 $14) 24... Nf5 $2 (24... gxh4 {is tougher.} 25. fxg4 Rfe8) 25. fxg4 Nxh4 26. Bxf8 Rxf8 27. Rd7 Ba5 (27... Bb6+ $142 28. Kh1 Rd8) 28. c3 b5 29. Bc2 Ng6 30. Bxg6 hxg6 {[%mdl 4096] Endgame KRR-KRB} 31. Rd6 Bc7 32. Rc6 Rf7 33. Rxa6 Kg7 34. a4 bxa4 35. Rxa4 f5 36. Kf1 e4 37. Ra7 Kf6 38. Rea1 Ke5 39. R1a5+ Kd6 40. R5a6+ Kd7 {[#]} 41. Rxc7+ $1 {Precision: White = 80%, Black = 19%.} 1-0

[Event "CZE-ch Open 2018"]
[Site "Ostrava"]
[Date "2018.04.30"]
[Round "3"]
[White "Jelinek, Michal"]
[Black "Jedlicka, Ales"]
[Result "0-1"]
[WhiteElo "2134"]
[BlackElo "2238"]
[Annotator "TA"]
[PlyCount "84"]
[EventDate "2018.??.??"]
[EventCountry "CZE"]
[SourceTitle "playchess.com"]
[Source "ChessBase"]
[SourceQuality "1"]

{[%evp 25,84,29,14,22,27,18,17,22,37,7,7,13,76,0,0,0,0,0,0,0,0,-39,-62,-107,-101,-137,-135,-144,-141,-153,-155,-162,-152,-240,-216,-499,-498,-29993,-404,-401,-407,-398,-412,-408,-396,-450,-297,-400,-171,-520,-525,-525,-315,-473,-506,-515,-514,-514,-512,-495,-488]} 1. d4 Nf6 2. c4 e6 3. Nc3 Bb4 4. Qc2 O-O 5. a3 Bxc3+ 6. Qxc3 b6 7. Bg5 c5 8. dxc5 bxc5 9. e3 d6 10. Bd3 Bb7 11. f3 Nbd7 12. Ne2 {E32: Nimzo-Indian: Classical (4 Qc2): 4...0-0} h6 13. Bh4 Qb6 {LiveBook: 3 Games} 14. O-O {The position is equal.} d5 15. Rac1 $146 ({Predecessor:} 15. Bf2 Rfe8 16. Rfd1 Qc6 17. cxd5 exd5 {1-0 (41) Quan,Z (2402)-Yu,J (1974) Brantford 2005}) 15... dxc4 16. Bxc4 Nd5 17. Bxd5 exd5 18. Rfd1 Rfe8 (18... Rfc8 $11 {remains equal.}) 19. Bf2 ({White should play} 19. Nf4 $16) 19... d4 $36 {[%mdl 2048] Black is more active.} 20. exd4 Rxe2 21. dxc5 Qc6 22. Rd6 $1 {[%cal Rd6c6]} Qc7 23. Qd3 Re7 $1 24. Bh4 Ne5 25. Qf5 f6 26. b4 Rae8 27. Rcd1 Nf7 28. Rd7 Qc6 29. R7d4 (29. Rxe7 $17 Rxe7 30. Qb1) 29... Re2 $19 30. Qh5 $2 (30. Qd3 {is a better defense.}) 30... Qe6 {( -> ...Qe3+)} 31. Rd7 {[#]} (31. h3 $19 Bc6 32. Kh1) 31... Ba6 (31... Qe3+ $142 32. Kf1 {[#]} Re1+ $1 {[%mdl 512]} 33. Rxe1 Ba6+ 34. b5 Bxb5+ 35. Rd3 Bxd3+ 36. Re2 Qxe2+ 37. Kg1 Qf1#) 32. h3 Bc4 33. Qg6 Bb3 (33... Re7 $2 34. R7d4 $19) 34. R1d6 Qe3+ 35. Kh2 {With the idea Rd4.} Qe5+ 36. Kh1 Rc2 (36... Ra2 $142 {Strongly threatening ...Ra1+.} 37. Bg3 Qe3) 37. Bxf6 $2 (37. Rd1 {nothing else works.} Qe6 38. Kh2) 37... Rc1+ 38. Rd1 Rxd1+ 39. Rxd1 {[%csl Gf6][%cal Rg6g7]} Qxf6 {Black is clearly winning.} 40. Qxf6 gxf6 41. Rd7 a6 42. Ra7 Bc4 {Precision: White = 33%, Black = 69%.} 0-1

[Event "CZE-ch Open 2018"]
[Site "Ostrava"]
[Date "2018.04.30"]
[Round "3"]
[White "Kolar, Stanislav"]
[Black "Sramek, Vojtech"]
[Result "1/2-1/2"]
[WhiteElo "2091"]
[BlackElo "2145"]
[Annotator "TA"]
[PlyCount "169"]
[EventDate "2018.??.??"]
[EventCountry "CZE"]
[SourceTitle "playchess.com"]
[Source "ChessBase"]
[SourceQuality "1"]

{[%evp 9,169,7,30,11,29,0,0,0,19,-30,-18,-21,-23,-42,-32,-36,-38,-38,-39,-21,7,8,3,3,10,0,5,2,0,0,5,0,0,0,0,-6,-15,-36,-39,-88,-74,-91,-65,-65,-52,-59,-44,-81,-104,-272,-283,-289,-269,-259,-257,-2410,-2333,-1699,-1566,-29978,-654,-609,-783,-660,-418,-392,-390,-370,-384,-521,-514,-420,-414,-559,-475,-2449,-1971,-1604,-1767,-1767,-1110,-940,-925,-929,-910,-896,-803,-2493,-2385,-1216,-846,-1316,-954,-901,-682,-5439,-5431,-5431,-5265,-2568,-4971,-3968,-3369,-2684,-2545,-1984,-1035,-2558,-2811,-12847,-12849,-12841,-12846,-12727,-10777,-10271,-7547,-6516,0,-29949,-5749,-12797,-318,-1321,-560,-29954,-29955,-12848,0,0,0,0,0,0,0,0,0,-8,-8,-8,-8,-8,-8,-22,-24,-25,-17,-25,-31,-32,0,0,0,0,0,0,0,0,0,0,0,0]} 1. Nf3 Nf6 2. c4 c5 3. Nc3 e6 4. e4 d6 5. d3 Be7 6. Be2 {A34: Symmetrical English: 2 Nc3, lines with ...d5} O-O 7. h3 Nc6 8. O-O Nd7 $146 ({Predecessor:} 8... Nd4 9. Nxd4 cxd4 10. Nb5 e5 11. f4 a6 12. Na3 Rb8 13. Nc2 b5 {0-1 (28) Ynojosa Aponte,F (2397)-Matsenko,S (2522) Forth Worth 2017}) 9. Bf4 Nde5 10. Qd2 a6 11. Rab1 Rb8 12. a3 b5 13. cxb5 axb5 14. b4 cxb4 15. axb4 Nxf3+ 16. Bxf3 Bf6 17. Rfc1 Nd4 18. Bd1 Bb7 19. Be3 Qd7 20. Ne2 Nxe2+ 21. Bxe2 Rfc8 22. f3 d5 23. exd5 Bxd5 24. Bc5 Ra8 25. Rc2 Ra6 26. d4 Rca8 27. Bd3 g6 28. Qe2 Ra1 29. Rxa1 $2 (29. Rcb2 $17 {was called for.}) 29... Rxa1+ $19 30. Kh2 Qc7+ 31. g3 h5 32. Be4 $2 (32. h4) 32... h4 {[%csl Gh4][%cal Rc7g3]} 33. f4 hxg3+ 34. Kxg3 Qb7 (34... Ra3+ $142 35. Bd3 Bh4+ 36. Kxh4 Qxf4+ 37. Qg4 Qh6+ 38. Kg3 Rxd3+ 39. Kh2 f5 40. Qg3 Rxg3 41. Kxg3 Qe3+ 42. Kh2 f4 43. Rg2 Qe4 44. Rxg6+ Qxg6 45. h4 Qg3#) 35. Bxd5 Qxd5 36. Qg2 Ra3+ 37. Kh2 {If only White now had time for Qxd5....} Qf5 38. Rf2 Qd3 39. Ra2 Rxa2 40. Qxa2 Bxd4 41. Qa8+ Kh7 42. Qb7 (42. Qg2 $142 Be3 43. Bxe3 Qxe3 44. Qb7 Qxf4+ 45. Kg2) 42... Qe2+ 43. Qg2 Qxg2+ 44. Kxg2 {[%mdl 4096] Endgame KB-KB} Bf6 45. Kf3 Kh6 46. Kg4 Bd8 47. Bf8+ Kh7 48. Bc5 f5+ 49. Kf3 Kh6 50. Bf2 Kg7 51. Bd4+ Kf7 52. Bc3 Bf6 53. Bd2 Ke7 54. Ke2 Kd6 55. Kd3 Kd5 56. Be1 Bd8 57. Bd2 Bb6 58. Bc1 e5 59. fxe5 Kxe5 60. Bg5 f4 61. Bh4 f3 62. Bg3+ Kd5 63. Bh4 Ke5 $2 (63... Kd6 $19 64. Bg3+ Ke6) 64. Be7 $2 {[%mdl 8192] [#]} (64. Bg3+ $11 Kf5 65. Kd2) 64... Kf5 (64... Kf4 $142 65. Bd6+ Kf5 66. Kd2 Bf2 67. Kc1 g5 68. Be7 g4 69. hxg4+ Kxg4 70. Kc2 Bd4 71. Kd3 Kg3 72. Kxd4 f2 73. Kc5 f1=Q 74. Kb6 Qc4 75. Bd6+ Kf3 76. Bc5 Ke4 77. Kc7 Qe6 78. Bb6 Qe7+ 79. Kc6 Qxb4 80. Bc5 Qc4 81. Kb6 Kd5 82. Bf8 Qc6+ 83. Ka5 Kc4 84. Bb4 Qb7 85. Bc5 b4 86. Bb6 Qa8+ 87. Ba7 Qxa7#) 65. Bd6 Kg5 $2 (65... g5 66. Bg3 g4 67. hxg4+ Kxg4) 66. Be7+ $2 (66. Bg3) 66... Kh5 (66... Kf4 $142 67. Bd6+ Kf5) 67. Bc5 Bxc5 68. bxc5 {[#] K3P-KPP} b4 $2 (68... Kh4 $1 $19 69. c6 Kg3) 69. c6 $11 {Black must now prevent c7.} b3 (69... f2 $5 70. Ke2 $8 b3 71. Kxf2 b2 $11) 70. c7 b2 71. Kc2 f2 72. c8=Q {Qg4+ would kill now.} b1=Q+ 73. Kxb1 {Intending Qg4+ and mate.} f1=Q+ {KQ-KQ} 74. Kb2 Qf2+ 75. Kc1 Qf4+ 76. Kb2 Kh4 77. Qe6 Qf5 78. Qe3 g5 79. Qc3 Qxh3 80. Qh8+ {The position is equal.} Kg4 (80... Kg3 {is more complex.} 81. Qe5+ Kh4 82. Qh8+) 81. Qd4+ Kf3 {Strongly threatening ...g4.} 82. Qf6+ $1 Kg4 {aiming for ...Qe3.} 83. Qd4+ Kg3 {And now ...Qg2+ would win.} 84. Qe5+ Kh4 {Hoping for ...g4.} 85. Qh8+ {Precision: White = 32%, Black = 61%.} 1/2-1/2

[Event "CZE-ch Open 2018"]
[Site "Ostrava"]
[Date "2018.04.30"]
[Round "3"]
[White "Havelka, Ondrej"]
[Black "Cerveny, Petr"]
[Result "1-0"]
[WhiteElo "2041"]
[BlackElo "2315"]
[Annotator "TA"]
[PlyCount "65"]
[EventDate "2018.??.??"]
[EventCountry "CZE"]
[SourceTitle "playchess.com"]
[Source "ChessBase"]
[SourceQuality "1"]

{[%evp 15,65,53,62,51,58,54,49,41,46,-25,-11,-39,-24,-29,-29,-25,-9,-24,-36,-29,-27,-75,-72,-52,0,-25,14,16,53,53,39,0,21,0,275,64,701,179,192,216,254,266,304,279,666,656,1450,1495,1252,1252,29993,29994]} 1. d4 d6 2. e4 Nf6 3. Nc3 e5 4. Nf3 exd4 5. Nxd4 Be7 6. Bd3 O-O 7. O-O c5 8. Nde2 Nc6 {LiveBook: 4 Games} 9. b3 $146 {C41: Philidor Defence} ({Predecessor:} 9. Nf4 Re8 10. Nfd5 Nxd5 11. Nxd5 Bf6 12. c3 Rb8 13. a4 a6 14. Qh5 Ne5 15. Bc2 Bg4 16. Nxf6+ Qxf6 {½-½ (27) Ruiz Castillo,J (2391)-Shabalov,A (2528) Las Vegas 2013}) 9... Re8 10. Bb2 a6 11. a4 {White is slightly better.} Bf8 12. f4 (12. Nf4 $14) 12... Nb4 $11 13. Bc4 Nxe4 14. Nxe4 Rxe4 15. c3 {[#]} Rxc4 $1 {[%mdl 512]} 16. bxc4 Nc6 17. f5 Ne5 18. Rf4 Be7 {[%mdl 1024] Black has strong compensation.} 19. Ng3 Bg5 (19... Bd7 $15) 20. Re4 b6 21. Bc1 Bb7 22. Bxg5 Qxg5 23. Re2 (23. Re1 $5 {[%cal Rd1d6]} Qf4 24. Ra2 $11) 23... Nxc4 24. Qd3 Qh4 $2 {[%mdl 8192] [#]} (24... d5 $11 {and Black has nothing to worry.}) 25. Rae1 $2 (25. f6 $1 $18 {[%mdl 512]}) 25... Bc6 $2 {[%mdl 8192] [#]} (25... Rf8 $14) 26. Re4 $2 (26. Qd5 $1 {[%mdl 512]}) 26... Bxe4 27. Rxe4 $40 {[%mdl 128] Black is in trouble.} Qd8 {Threatens to win with ...d5.} 28. Rxc4 b5 29. Rg4 Rb8 $2 (29... bxa4 30. Rxa4 Qb6) 30. Nh5 $18 g6 31. fxg6 fxg6 {[#]} 32. Rxg6+ $1 {[%mdl 512]} Kh8 (32... hxg6 33. Qxg6+) 33. Rg7 {Precision: White = 48%, Black = 30%.} 1-0

[Event "CZE-ch Open 2018"]
[Site "Ostrava"]
[Date "2018.05.01"]
[Round "4"]
[White "Plat, Vojtech"]
[Black "Neuman, Petr"]
[Result "1-0"]
[WhiteElo "2566"]
[BlackElo "2443"]
[Annotator "TA"]
[PlyCount "107"]
[EventDate "2018.??.??"]
[EventCountry "CZE"]
[SourceTitle "playchess.com"]
[Source "ChessBase"]
[SourceQuality "1"]

{[%evp 17,107,5,8,8,8,0,7,9,8,14,14,22,14,24,23,14,25,29,28,27,52,21,20,20,19,20,36,19,20,20,21,20,31,33,33,31,41,21,30,14,39,20,26,12,30,26,46,0,0,0,0,0,0,0,0,0,-8,-39,0,0,0,0,0,0,0,0,0,0,0,0,0,0,0,0,0,0,0,0,0,0,0,0,60,72,255,250,281,281,367,360,1761,1812]} 1. e4 c5 2. Nf3 d6 3. d4 cxd4 4. Nxd4 Nf6 5. Nc3 Nc6 6. Bc4 Bd7 7. O-O g6 8. h3 Bg7 9. Be3 O-O {LiveBook: 148 Games} 10. Nf3 {B72: Sicilian Dragon: 6 Be3, lines with h3+Bc4 and sidelines} (10. Re1 a6 11. Nd5 Na5 12. Bf1 Rc8 13. Bg5 Nxd5 14. exd5 Qb6 15. Nb3 Nxb3 16. axb3 Bxb2 17. Rxe7 Qd8 18. Rb1 {½-½ (30) Sokolov,A (2596)-Hamdouchi,H (2600) Belfort 2010}) 10... Na5 11. Be2 $146 ({Predecessor:} 11. Bd3 Rc8 12. Qe2 a6 13. Rad1 Qc7 14. Rfe1 b5 15. Qd2 Nc4 16. Qc1 Nxb2 17. Qxb2 Qxc3 18. Qxc3 Rxc3 {0-1 (49) Pajek,T (1275)-Baric,D (2077) Komenda 2017}) 11... Be6 12. Re1 {The position is equal.} Nc4 13. Bxc4 Bxc4 14. Qd2 Re8 15. Rad1 Qa5 16. Bd4 b6 17. e5 dxe5 18. Nxe5 Qa6 19. Nd7 (19. b3 {feels hotter.} Be6 20. Na4 Qb7 21. c4 Rad8 22. Nc3) 19... Nxd7 20. Bxg7 Kxg7 21. Qxd7 Rad8 22. Qxd8 Rxd8 23. Rxd8 Be6 24. Rd4 Qb7 25. a3 g5 26. Ne4 h6 27. c4 Qc7 28. Nd2 Bf5 29. Nf3 f6 30. Rc1 e5 31. Rd2 Be4 32. Ne1 h5 33. b4 g4 34. hxg4 hxg4 35. c5 bxc5 36. f3 gxf3 37. gxf3 Bc6 {[#] ...cxb4 is the strong threat.} 38. Rxc5 Kf7 39. Ng2 Qb7 40. Rdc2 Qb6 41. Kf2 Ba4 42. R2c4 Bb5 43. Rh4 a6 44. Ne3 Qd8 {Threatens to win with ...Qd2+.} 45. Rd5 Qc8 46. Rd6 Qf8 47. Rd1 Ke6 48. Rh7 Qc8 49. Rh6 Ba4 ({Black should try} 49... Qc6 $11) 50. Re1 $1 $14 {Strongly threatening Ng4.} e4 $2 {[#]} (50... Bd7 $16 {might work better.} 51. f4 Qg8) 51. Ng4 $1 $18 ({Weaker is} 51. fxe4 Qc3 $14) 51... Bc2 52. Nxf6 Qf8 53. Reh1 {Hoping for Nh7+.} exf3 $2 (53... e3+ 54. Kxe3 Kf7) 54. Nh7+ {Precision: White = 75%, Black = 53%.} 1-0